Statistics for Doha Hamad (DOH) Airport Destinations

Click here to take the quiz!

General Stats

  • This quiz has been taken 198 times
    (161 since last reset)
  • The average score is 115 of 196

Answer Stats

Airline/sDestination% Correct
flydubai, Qatar AirwaysDubai (International)
92%
Qatar AirwaysParis (Charles de Gaulle)
92%
Etihad Airways, Qatar AirwaysAbu Dhabi
91%
British Airways, Qatar AirwaysLondon (Gatwick)
90%
Qatar AirwaysLondon (Heathrow)
90%
Air India, Air India Express, Go First, IndiGo, Qatar AirwaysMumbai
90%
EgyptAir, Qatar AirwaysCairo
88%
Air India, IndiGo, Qatar AirwaysDelhi
88%
Qatar Airways, SaudiaJeddah
87%
Qatar AirwaysNew York (John F. Kennedy)
86%
Qatar AirwaysTokyo (Haneda)
86%
Qatar AirwaysTokyo (Narita)
86%
Qatar AirwaysMadrid
85%
Qatar AirwaysMoscow (Domodedovo)
85%
Qatar Airways, Royal JordanianAmman (Queen Alia)
84%
Qatar Airways, Turkish AirlinesIstanbul
84%
Pegasus Airlines, Qatar AirwaysIstanbul (Sabiha Gokcen)
84%
Qatar Airways, SaudiaRiyadh
84%
Qatar AirwaysRome (Fiumicino)
84%
Qatar AirwaysSydney
84%
Qatar AirwaysAmsterdam
82%
Qatar Airways, Royal Air MarocCasablanca
82%
Qatar AirwaysKarachi
82%
Qatar AirwaysLos Angeles
82%
Qatar AirwaysAthens
81%
Qatar AirwaysBeijing (Capital)
81%
Qatar AirwaysManchester (UK)
81%
Qatar AirwaysMiami
81%
Qatar AirwaysMilan (Malpensa)
81%
Qatar AirwaysPerth
81%
Qatar AirwaysSingapore
81%
Qatar AirwaysTehran (Imam Khomeini)
81%
Ethiopian Airlines, Qatar AirwaysAddis Ababa
80%
Pakistan International Airlines, Qatar AirwaysIslamabad
80%
Qatar AirwaysJakarta (Soekarno Hatta)
80%
Qatar AirwaysZurich
80%
Qatar AirwaysBangkok (Suvarnabhumi)
79%
Qatar AirwaysBarcelona
79%
IndiGo, Qatar AirwaysChennai
79%
Qatar Airways, SriLankan AirlinesColombo (Bandaranaike)
79%
Biman Bangladesh Airlines, Qatar Airways, Regent Airways, US-Bangla AirlinesDhaka
79%
Qatar AirwaysFrankfurt
79%
Jazeera Airways, Kuwait Airways, Qatar AirwaysKuwait City
79%
Pakistan International Airlines, Qatar AirwaysLahore
79%
Qatar AirwaysMelbourne (Australia)
79%
Oman Air, Qatar Airways, SalamAirMuscat
79%
Qatar AirwaysAuckland
78%
Qatar AirwaysHong Kong
78%
Qatar AirwaysKuala Lumpur (International)
78%
Air CanadaToronto (Pearson)
78%
Air Arabia, Air Cairo, Qatar AirwaysAlexandria
77%
Qatar AirwaysBerlin
77%
Qatar AirwaysCape Town
77%
Qatar AirwaysJohannesburg (O.R. Tambo)
77%
Qatar AirwaysMunich
77%
Qatar AirwaysOslo
77%
Qatar AirwaysSaint Petersburg (Pulkovo)
77%
Qatar AirwaysSeoul (Incheon)
77%
Qatar AirwaysVienna
77%
Qatar AirwaysAlgiers
76%
Qatar AirwaysAnkara
76%
Qatar AirwaysBrussels
76%
Qatar AirwaysDublin
76%
Qatar AirwaysHelsinki
76%
Qatar AirwaysCopenhagen
75%
Philippine Airlines, Qatar AirwaysManila
75%
Qatar AirwaysNairobi (Jomo Kenyatta)
75%
Qatar AirwaysStockholm (Arlanda)
75%
Qatar AirwaysAtlanta
74%
Middle East Airlines, Qatar AirwaysBeirut
74%
Qatar AirwaysBoston
74%
Qatar AirwaysBrisbane
74%
Qatar AirwaysBucharest
74%
Qatar AirwaysLisbon
74%
Qatar AirwaysWarsaw (Chopin)
74%
Qatar AirwaysGeneva
73%
Qatar AirwaysHanoi
73%
Qatar AirwaysKiev (Boryspil)
73%
Qatar AirwaysLagos
73%
Qatar AirwaysWashington (Dulles)
73%
Qatar AirwaysBaghdad
71%
Qatar AirwaysMontreal (Trudeau)
71%
Qatar AirwaysTunis
71%
Qatar AirwaysAbuja
70%
Qatar AirwaysBelgrade
70%
Qatar AirwaysBudapest
70%
Qatar AirwaysDallas/Fort Worth
70%
Qatar AirwaysHouston (Intercontinental)
70%
IndiGo, Qatar AirwaysKolkata
70%
Qatar AirwaysPrague
70%
Qatar AirwaysSan Francisco
70%
Qatar AirwaysZagreb
70%
IndiGo, Qatar AirwaysBangalore
68%
Himalaya Airlines, Nepal Airlines, Qatar AirwaysKathmandu
68%
Qatar AirwaysChicago (O'Hare)
67%
Qatar AirwaysGuangzhou
67%
IndiGo, Qatar AirwaysHyderabad
67%
Badr Airlines, Qatar Airways, Tarco AirlinesKhartoum
67%
Qatar AirwaysSeattle/Tacoma
67%
Qatar AirwaysAccra
66%
Qatar AirwaysBaku
66%
Cham Wings Airlines, Syrian AirDamascus
66%
Qatar AirwaysSofia
65%
Qatar AirwaysAdelaide
64%
Pegasus Airlines, Qatar AirwaysAntalya
64%
Qatar AirwaysNice
64%
FlyBosnia, Qatar AirwaysSarajevo
64%
Qatar AirwaysVenice
64%
Qatar AirwaysAhmedabad
63%
Qatar AirwaysIzmir
63%
Qatar AirwaysMale
63%
Qatar AirwaysSao Paulo (Guarulhos)
63%
Qatar AirwaysDenpasar/Bali
62%
Qatar AirwaysHo Chi Minh City
62%
Qatar AirwaysLyon
62%
Qatar AirwaysEdinburgh
60%
Qatar AirwaysYerevan
60%
Qatar AirwaysPhuket
59%
Qatar AirwaysAstana
58%
Qatar AirwaysBirmingham (UK)
58%
Qatar AirwaysKabul
58%
Qatar AirwaysLuanda
58%
Qatar AirwaysPhiladelphia
58%
Qatar AirwaysTbilisi
56%
Biman Bangladesh Airlines, Regent Airways, US-Bangla AirlinesChittagong
53%
Qatar AirwaysRabat
53%
Qatar AirwaysZanzibar
53%
Qatar AirwaysAbidjan
52%
Qatar AirwaysDammam
52%
Qatar AirwaysCebu
49%
Qatar AirwaysLarnaca
49%
Qatar AirwaysMogadishu
49%
Qatar AirwaysYangon
48%
Qatar AirwaysDar es Salaam
47%
Qatar AirwaysErbil
47%
Qatar AirwaysHarare
47%
Qatar AirwaysDurban
46%
Qatar AirwaysMalta
46%
Air Arabia, Qatar AirwaysSharjah
46%
Qatar AirwaysBasra
45%
Qatar AirwaysGoa
45%
Qatar AirwaysPhnom Penh
45%
Qatar AirwaysChengdu (Shuangliu)
44%
Qatar AirwaysLusaka
44%
Air India Express, IndiGo, Qatar AirwaysKochi
42%
Qatar AirwaysKigali
41%
Qatar AirwaysDjibouti
40%
Qatar AirwaysMaputo
40%
Pakistan International Airlines, Qatar AirwaysPeshawar
40%
Iran Air, Qatar AirwaysShiraz
37%
Qatar AirwaysIsfahan
36%
Qatar AirwaysWindhoek (Hosea Kutako)
36%
Qatar AirwaysCanberra
35%
Qatar AirwaysDubrovnik
35%
Qatar AirwaysSkopje
35%
Qatar AirwaysGothenburg
34%
Qatar AirwaysChongqing
33%
Qatar AirwaysMalaga
33%
Qatar AirwaysBodrum
31%
Qatar AirwaysMarrakech
31%
Qatar AirwaysMombasa
30%
Qatar AirwaysAmritsar
29%
Qatar AirwaysMashhad
29%
Qatar AirwaysAdana
27%
Qatar AirwaysEntebbe
27%
Air India Express, IndiGo, Qatar AirwaysKozhikode
27%
Qatar AirwaysMahe
27%
Qatar AirwaysKrabi
25%
Qatar AirwaysNajaf
25%
Qatar AirwaysDavao
24%
Qatar AirwaysClark
23%
Qatar AirwaysHangzhou
23%
Qatar AirwaysPenang
23%
Qatar AirwaysChiang Mai
21%
Qatar AirwaysFaisalabad
21%
Qatar AirwaysKilimanjaro
21%
Qatar AirwaysMultan
21%
Qatar AirwaysMykonos
21%
Qatar AirwaysNagpur
21%
Qatar AirwaysSalalah
21%
Qatar AirwaysCardiff
20%
Qatar AirwaysGaborone
20%
Qatar AirwaysPisa
20%
Air India ExpressMangalore
18%
Qatar AirwaysSialkot
18%
Qatar AirwaysDa Nang
14%
Biman Bangladesh AirlinesSylhet
14%
Air India Express, Qatar AirwaysThiruvananthapuram
13%
Qatar AirwaysLangkawi
10%
Air CairoAssiut
8%
Air CairoSohag
5%
Air India ExpressTiruchirappalli
5%
Air India Express, IndiGoKannur
4%
Qatar AirwaysHatay
3%
Qatar AirwaysSohar
2%
Qatar AirwaysSulaymaniah
2%

Score Distribution

Percentile by Number Answered

Percent of People with Each Score

Your Score History

You have not taken this quiz since the last reset